Lifespan development :a topical pproach/ (Record no. 3681)

000 -LEADER
fixed length control field 01311cam a2200385 a 4500
001 - CONTROL NUMBER
control field 16521917
003 - CONTROL NUMBER IDENTIFIER
control field OSt
005 - DATE AND TIME OF LATEST TRANSACTION
control field 20161027152614.0
008 - FIXED-LENGTH DATA ELEMENTS--GENERAL INFORMATION
fixed length control field 101028s2012 njua b 001 0 eng
010 ## - LIBRARY OF CONGRESS CONTROL NUMBER
LC control number 2010045481
020 ## - INTERNATIONAL STANDARD BOOK NUMBER
International Standard Book Number 9780205037520
020 ## - INTERNATIONAL STANDARD BOOK NUMBER
International Standard Book Number 9780730301844
035 ## - SYSTEM CONTROL NUMBER
System control number (OCoLC)ocn674937559
040 ## - CATALOGING SOURCE
Original cataloging agency DLC
Transcribing agency DLC
Modifying agency YDX
-- CVN
-- YDXCP
-- BWX
-- DLC
050 00 - LIBRARY OF CONGRESS CALL NUMBER
Classification number BF713.H644 2013
082 00 - DEWEY DECIMAL CLASSIFICATION NUMBER
Classification number 155
Edition number 22
100 1# - MAIN ENTRY--PERSONAL NAME
Personal name Hoffnung,Michele
245 10 - TITLE STATEMENT
Title Lifespan development :a topical pproach/
Statement of responsibility, etc Michele Hoffnung...[et al]
250 ## - EDITION STATEMENT
Edition statement 1st Australasian edition
260 ## - PUBLICATION, DISTRIBUTION, ETC. (IMPRINT)
Place of publication, distribution, etc Australia :
Name of publisher, distributor, etc John Wiley and sons ltd
Date of publication, distribution, etc c2013.
300 ## - PHYSICAL DESCRIPTION
Extent xxi,553 p. :
Other physical details ill. (some col.) ;
Dimensions 28 cm.
504 ## - BIBLIOGRAPHY, ETC. NOTE
Bibliography, etc Includes bibliographical references and indexes.
650 #0 - SUBJECT ADDED ENTRY--TOPICAL TERM
Topical term or geographic name as entry element Developmental psychology.
700 ## - ADDED ENTRY--PERSONAL NAME
Personal name Hoffnung,Robert
700 ## - ADDED ENTRY--PERSONAL NAME
Personal name Seifert,Kelvin
700 ## - ADDED ENTRY--PERSONAL NAME
Personal name Smith,Burton Rosanne
700 ## - ADDED ENTRY--PERSONAL NAME
Personal name Hine,Alison
700 ## - ADDED ENTRY--PERSONAL NAME
Personal name Ward,Lynn
700 ## - ADDED ENTRY--PERSONAL NAME
Personal name Paus`e,Cat
700 ## - ADDED ENTRY--PERSONAL NAME
Personal name Swabey,Karen
906 ## - LOCAL DATA ELEMENT F, LDF (RLIN)
a 7
b cbc
c orignew
d 1
e ecip
f 20
g y-gencatlg
942 ## - ADDED ENTRY ELEMENTS (KOHA)
Source of classification or shelving scheme
Koha item type Book
Holdings
Withdrawn status Lost status Source of classification or shelving scheme Damaged status Not for loan Home library Current library Shelving location Date acquired Total Checkouts Full call number Barcode Date last seen Copy number Price effective from Koha item type
          Riara University Library Riara University Library General stack 27/10/2016   BF713.H644 2013 8628/16 27/10/2016 C.1 27/10/2016 Book

Riara University Library,
P.O. Box 49940-00100,
Nairobi, Kenya.